|
|
|
|
| LEADER |
00000cam a2200000 7i4500 |
| 001 |
0000014632 |
| 005 |
20080306.0 |
| 008 |
080304 |
| 020 |
|
|
|a 9833603440
|
| 090 |
0 |
0 |
|a 649.1
|b HAS
|
| 100 |
0 |
|
|a Hassan Mohd. Ali
|
| 245 |
1 |
0 |
|a Anak kita memang pintar cerdas :
|b panduan membina potensi diri anak-anak
|c Hassan Mohd. Ali
|
| 260 |
|
|
|a Selangor :
|b PTS Millennia ,
|c 2006
|
| 440 |
|
|
|a Siri gaya hidup & wanita
|
| 650 |
|
0 |
|a Child development
|
| 650 |
|
0 |
|a Child rearing
|
| 650 |
|
0 |
|a Parent and child
|
| 650 |
|
0 |
|a Parenting
|
| 999 |
|
|
|a 0000940490
|b Book
|c Adult Collection
|e Cawangan Taman Sri Lambak
|
| 999 |
|
|
|a 0001014523
|b Book
|c Adult Collection
|e Perbadanan Perpustakaan Awam Johor
|
| 999 |
|
|
|a 0001014524
|b Book
|c Adult Collection
|e Perbadanan Perpustakaan Awam Johor
|
| 999 |
|
|
|a 0001014525
|b Book
|c Adult Collection
|e Perbadanan Perpustakaan Awam Johor
|
| 999 |
|
|
|a 0001014527
|b Book
|c Adult Collection
|e Perbadanan Perpustakaan Awam Johor
|
| 999 |
|
|
|a 0001070287
|b Book
|c Adult Collection
|e Cawangan Tangkak
|
| 999 |
|
|
|a 0001070288
|b Book
|c Adult Collection
|e Cawangan Batu Pahat
|
| 999 |
|
|
|a 0001070289
|b Book
|c Adult Collection
|e Cawangan Bukit Gambir
|